Statistiques concernant Coupe du monde de rugby 1991

Cliquez ici pour prendre le quiz!

Statistiques générales

  • Ce quiz a été pris 100 fois
  • Le résultat moyen est 15 sur 16

Statistiques - réponses

Réponse% Correct
France
100%
Irlande
100%
Nouvelle-Zélande
100%
Angleterre
99%
Australie
99%
Ecosse
99%
Argentine
98%
Italie
95%
Pays de Galles
95%
Fidji
94%
Samoa
94%
Etats-Unis
89%
Japon
89%
Canada
87%
Roumanie
81%
Zimbabwe
65%

Distribution des résultats

Percentile par nombre de réponses

% des personnes avec chaque résultat

Votre développement - résultats

Vous n’avez pas pris ce quiz